| 000 | 00745nas a2200265 4500 | ||
|---|---|---|---|
| 001 | BR9204586 | ||
| 003 | BR-BrBNA | ||
| 005 | 20231205092742.0 | ||
| 007 | ta | ||
| 008 | 230509b bl.|||p| |||| 00| 00por d | ||
| 040 |
_aBR-BrBNA _bpor _cBiblioteca Nacional de Agricultura |
||
| 041 | _a(Pt) | ||
| 072 | _aL70 | ||
| 100 | 1 | _aWouk, A.F.P. de F. | |
| 100 | 1 | _aPippi, N.L. | |
| 100 | 1 | _aBarros, S.S. de | |
| 100 | 1 | _aCampello, R.A.V. | |
| 245 | 1 | _aPancreatectomia parcial em caes | |
| 650 | _aCAO | ||
| 650 | _aCIRURGIA | ||
| 650 | _aPANCREAS | ||
| 773 | 0 |
_tRevista do Centro de Ciencias Rurais (Brazil) _xISSN 0085-5901 _g(Jun 1980), v. 10(2) p. 151-160 _wBR9204586 |
|
| 909 |
_a202311 _bLúcia _c55 _dLúcia Elande |
||
| 942 |
_2AGRIS _n0 _cANA |
||
| 999 |
_c133912 _d133912 |
||